000 00292nam a22001217a 4500
008 180927b xxu||||| |||| 00| 0 eng d
041 _aeng
080 _a610
100 _a4
101 _aSHM
245 _aSummary of drug interactions with oral contraceptives
_cGeurts,T.B
942 _2udc
_cBK
999 _c48548
_d48548